Poesía

Guardado en:
Bibliografiske detaljer
Hovedforfatter: Vega, Garcilaso de la
Format: Bog
Sprog:Undetermined
Udgivet: Managua, Nicaragua Nueva Nicaragua 1982
Fag:
Tags: Tilføj Tag
Ingen Tags, Vær først til at tagge denne postø!

MARC

LEADER 00000nam a2200000Ia 4500
008 170316s9999 xx 000 0 und d
040 |a cru BVZT 
090 |a 862 V-14p 
100 |a Vega, Garcilaso de la 
245 |a Poesía 
260 |a Managua, Nicaragua 
260 |b Nueva Nicaragua 
260 |c 1982 
300 |a 169 páginas 
650 |a LITERATURA ESPAÑOLA 
650 |a EGLOGAS 
650 |a ELEGIAS 
650 |a EPISTOLA 
650 |a CANCIONES 
650 |a SONETOS 
650 |a CANCIONES EN VERSOS CASTELLANOS 
999 |c 10507  |d 10507 
942 |c 15 D  |h 862 V-14p  |2 z